000
00366nam a2200157Ia 4500
008
090124s9999 xx 000 0 und d
082
_b
35036
245
_a
FREEDOM AND CULTURE
250
_a
1
260
_b
"WINGATE, LONDON"
300
_a
270
630
_a
FREEDOM AND CULTURE
700
_a
HUXLEY JULIAN
730
_a
FREEDOM AND CULTURE
942
_c
BOOK
999
_c
100988
_d
100988